000 00734nam a2200229Ii 4500
003 JO-AjNU
005 20231203075651.0
008 230605s9999||||xx |||||||||||||| ||und||
040 _aJO-AjNU
_bara
_erda
_cJO-AjNU
041 _aara
050 _aHF5679
_aH3362
_a2001
100 1 _aالحفناوي، محمد يوسف
_964601
_eمؤلف
245 0 1 _aنظم المعلومات المحاسبية /
_cمحمد يوسف حفناوي
250 _aالطبعة الاولى
260 _aعمان :
_bدار وائل للنشر،
_c2001
300 _a326صفحة
336 _atext
_btxt
_2rdacontent
337 _aunmediated
_bn
_2rdamedia
338 _avolume
_bnc
_2rdacarrier
650 7 0 _aمحاسبة
_916649
942 _2lcc
_cBK
999 _c33086
_d33086